Bienvenue à la Médiathèque de Saint-Andiol
banniere
Accueil Recherche avancée Mon compte
handi1 Rechercher dans le catalogue

Filtre   Mots-clés
  Recherche avancée
 
Lister les dernières nouveautés
 
Lister les livres GROS CARACTERES
 
Lister les périodiques (magazines)

handi1 After

Book Cover
Auteur principal : Anna Todd
Autres auteurs : Claire Sarradel
Titre : After
Support : Livres
Langue : Francais
Publié : DL 2015 Hugo Roman Paris
Series : After
Genre : Roman
Collection : After
Sujets :
Étiquettes :
Pas de tags
LEADER 01032nam0a2200229 450
001 16868272
010 |a 978-2-7556-1734-4  |b br.  |d 17 € 
100 |a 20260513d2026 u u0frey01 ba 
101 1 |a fre  |c eng 
102 |a FR 
200 0 |a After  |f Anna Todd  |g traduit de l'américain par Claire Sarradel 
207 1 |a   
210 |a Paris  |c Hugo Roman  |d DL 2015 
215 |a 1 vol. (706 p.)  |d 21 cm 
225 1 |a After  |v 2 
330 |a Hardin n'a rien à perdre... sauf elle. Après leur rencontre la vie ne sera plus jamais la même. Après un début tumultueux, la relation de Tessa et Hardin semblait bien partie. Tessa sait qu'Hardin peut être cruel, mais quand les origines de leur relation et son mystérieux passé lui sont révélés, cela lui fait l'effet d'une bombe. Tessa est hors d'elle. 
461 0 |t After  |v 2 
700 0 |a Todd  |b Anna  |f 1989-....  |4 70 
702 0 |a Sarradel  |b Claire  |4 730 
900 |a Roman 
901 |a Adultes 
995 |a Médiathèque  |c Médiathèque  |f 089021861  |h 089021861  |k R TOD 2  |o p  |q a  |r az  |e Médiathèque